000 00342nam a2200145Ia 4500
100 _aWhitman/Michael E/ Mattord/Herbert J
942 _cBK
654 _ainformation security
245 _aPrinciples of information security
260 _bThomsan Learning
_c2003
082 _a5.8
_bWHI
300 _a532
546 _aENGLISH
999 _c21977
_d21977